HP B3 C19 - Statistics

General Stats
  • This quiz has been taken 3 times
  • The average score is 27 of 57
Answer Stats
Term Answer % Correct
Ligadura Bond
100%
Garra Claw
100%
Aducir Adduce
50%
Agredir Assault
50%
Mala Espina Bad Vibe
50%
Alardear Boast
50%
Compinche Buddy
50%
Enroscarse Coil Up
50%
Arrinconar Corner
50%
Coronilla Crown
50%
Tinieblas Darkness
50%
Decisión Decisiveness
50%
Lisiado Disabled
50%
Repugnancia Disgust
50%
Dar Pena Feel Sorry About
50%
Relampagueante Flashing Lightening
50%
Prófugo Fugitive
50%
Amordazar Gag
50%
Grotesco Grotesque
50%
Pellejo Hide
50%
Escondrijo Hideout
50%
Gozne Hinge
50%
Implorante Imploring
50%
Terciar Intervene
50%
Guarida Lair
50%
Cojear Limp
50%
Adelgazar Lose Weight
50%
Clemente Merciful
50%
Secuaz Minion
50%
Rebosar Overflow
50%
Lastimoso Pitiful
50%
Cortésmente Politely
50%
Rezo Prayer
50%
Irradiar Radiate
50%
Colegial Schoolboy
50%
Ensimismamiento Self Absorption
50%
Alcantarilla Sewer
50%
Meloso Sickly Sweet
50%
Macizo Solid
50%
Entablillar Splint
50%
Acero Steel
50%
Maloliente Stinking
50%
Superficialmente Superficially
50%
Crispado Tense
50%
Ralo Thinning
50%
Asomo Trace
50%
Palidecer Turn Pale
50%
Desentrañar Unravel
50%
Alimaña Vermin
50%
Piltrafa Wretch
50%
Muñeca Wrist
50%
Inverosímil Implausible
0%
Asemejar Liken
0%
Amagar Make As If
0%
Cordura Sanity
0%
Asir Take Hold Of
0%
Insondable Unfathomable
0%
No matching quizzes found
Score Distribution
Percent of People with Each Score
Percentile by Number Answered
Your Score History
You have not taken this quiz